00638 2200229 4500001002100000005001500021035002000036007000300056008004100059020002200100082001600122084002200138245004400160250001000204300002200214650004600236264004200282336002100324337003000345338002300375990001000398INLIS00000000000033120220618033033 a0010-0622000328ta220618 0  a978-602-402-147-4 a813.011 384 a813.011 384 DAN c aCharlie si jenius dungu /cDaniel Keyes acet.1 a356 hlm ;c21 cm. 4aFiksi Amerika - Buku audio Psikologi anak aJakarta :bYayasan Mitra Netra,c2008 2rdacontentaTeks 2rdamediaaTanpa Perantara 2rdacarrieraVolume a21.33